000 00427nam a22001697a 4500
003 MPLRDC
005 20220104143302.0
008 210129b ||||| |||| 00| 0 eng d
082 _a820.9 ZZD v.1
100 _a郑振铎
245 _a插图本中国文学史. 上
_c
250 _a一版二刷
260 _a中国
_b文学古籍刊行社
_c1957
300 _b471
650 _a中国文学史
942 _cBK
_o820.9 ZZD v.1
999 _c38417
_d38407